[Event "FC Ergolding-SK Bebenhausen"]
[Site "Naumburg"]
[Date "2010.12.28"]
[Round "4.2"]
[White "Oberpriller, Johannes"]
[Black "Kaulich, Philipp Theodor"]
[Result "0-1"]
[WhiteElo "1801"]
[BlackElo "2020"]
[PlyCount "82"]
[EventDate "2010.??.??"]
[WhiteTeam "FC Ergolding"]
[BlackTeam "SK Bebenhausen"]

1. d4 f5 2. Nf3 Nf6 3. g3 g6 4. Bg2 e6 5. O-O Bg7 6. Nc3 O-O 7. Re1 Ne4 8. Nxe4
fxe4 9. Ng5 d5 10. h4 Qf6 11. Be3 Nc6 12. c3 Ne7 13. Nh3 Nf5 14. Bf4 Qe7 15.
Rf1 c5 16. Bg5 Qc7 17. Bf4 Qb6 18. dxc5 Qxb2 19. h5 Qxc3 20. Rc1 Qd4 21. hxg6
hxg6 22. Qb3 Qb2 23. Qxb2 Bxb2 24. Rc2 Bf6 25. Bc1 Bd7 26. Nf4 Kf7 27. Ba3 Bc6
28. e3 e5 29. Ne2 d4 30. exd4 exd4 31. Nf4 Rfe8 32. Rb1 Rad8 33. Rcc1 d3 34.
Rd1 Nd4 35. Kf1 Rd7 36. Bh3 Rc7 37. Bb4 g5 38. Nh5 Be5 39. Bg4 Kg6 40. Bd2 Rh8
41. Re1 Rch7 0-1

[Event "SSC Rostock-Sabt Frankfurter TV 1860"]
[Site "Naumburg"]
[Date "2010.12.28"]
[Round "4.2"]
[White "Luther, Alexander"]
[Black "Diyap, Murat"]
[Result "0-1"]
[WhiteElo "1802"]
[BlackElo "1758"]
[PlyCount "56"]
[EventDate "2010.??.??"]
[WhiteTeam "SSC Rostock"]
[BlackTeam "Sabt Frankfurter TV 1860"]

1. e4 c5 2. Nf3 Nc6 3. d4 cxd4 4. Nxd4 Nf6 5. Nc3 e5 6. Ndb5 d6 7. Bg5 a6 8.
Bxf6 gxf6 9. Na3 b5 10. Nd5 Bg7 11. Bd3 Ne7 12. Nxe7 Qxe7 13. c4 b4 14. Qa4+
Bd7 15. Qxb4 O-O 16. O-O Rfb8 17. Qd2 Kh8 18. Rab1 Rg8 19. Nc2 Bh3 20. Ne3 Bh6
21. Nf5 Bxd2 22. Nxe7 Rxg2+ 23. Kh1 Bf4 24. Rfd1 Re8 25. Bf1 Rxh2+ 26. Kg1 Bg4
27. Nd5 Bf3 28. Bg2 Rxg2+ 0-1

[Event "Stader SV-Hamburger SK"]
[Site "Naumburg"]
[Date "2010.12.28"]
[Round "4.1"]
[White "Hinrichs, Jan"]
[Black "Bauschmann, Christoph"]
[Result "0-1"]
[WhiteElo "1885"]
[BlackElo "1910"]
[PlyCount "96"]
[EventDate "2010.??.??"]
[WhiteTeam "Hamburger SK"]
[BlackTeam "Stader SV"]

1. d4 d5 2. c4 e6 3. Nf3 Nf6 4. g3 dxc4 5. Qa4+ Nc6 6. Bg2 Bb4+ 7. Bd2 Nd5 8.
Bxb4 Ndxb4 9. O-O Rb8 10. a3 b5 11. Qd1 Nd5 12. Nc3 O-O 13. Nxd5 exd5 14. b3
Bf5 15. Nh4 Be6 16. f4 f5 17. Nf3 Kh8 18. e3 Qe7 19. Nd2 Nd8 20. Qc2 Nf7 21. a4
c6 22. Ra2 Nd6 23. axb5 cxb5 24. Rfa1 Rb7 25. b4 Ne4 26. Nxe4 dxe4 27. Qc3 Bc8
28. Ra5 Qd7 29. g4 Rf7 30. gxf5 Qxf5 31. Qe1 Rbd7 32. Qh4 Rde7 33. Rd1 Qd5 34.
Qe1 a6 35. Ra3 Bb7 36. Qc3 Rf6 37. Ra2 Rh6 38. Rdd2 Ree6 39. Bf1 Reg6+ 40. Rg2
Qh5 41. Rxg6 Rxg6+ 42. Bg2 Bc8 43. Qe1 Bh3 44. Kh1 Bxg2+ 45. Rxg2 Qf3 46. Qf2
Qxg2+ 47. Qxg2 Rxg2 48. Kxg2 c3 0-1

[Event "Stader SV-Hamburger SK"]
[Site "Naumburg"]
[Date "2010.12.28"]
[Round "4.4"]
[White "Vogt, Marc Jonas"]
[Black "Sander, Dan Allan"]
[Result "0-1"]
[WhiteElo "1791"]
[BlackElo "1659"]
[PlyCount "60"]
[EventDate "2010.??.??"]
[WhiteTeam "Stader SV"]
[BlackTeam "Hamburger SK"]

1. e4 c5 2. Nf3 d6 3. d4 cxd4 4. Nxd4 Nf6 5. Nc3 a6 6. Bg5 Nbd7 7. f4 Qc7 8.
Qd2 h6 9. Bh4 b5 10. Be2 Bb7 11. Bf3 Nb6 12. Bxf6 gxf6 13. Nd5 Qd8 14. O-O e6
15. Nxb6 Qxb6 16. Kh1 Be7 17. c3 Rd8 18. Qe2 d5 19. Rac1 dxe4 20. Bxe4 Bd5 21.
Rfd1 Qb7 22. Bxd5 Rxd5 23. c4 bxc4 24. Rxc4 O-O 25. b3 Rfd8 26. Qf3 Qa7 27. Qf2
Bc5 28. Qg3+ Kh7 29. Rdc1 Rxd4 30. Rxd4 Rxd4 0-1

[Event "SF 1974 Heinsberg-SF Köln-Mülheim"]
[Site "Naumburg"]
[Date "2010.12.28"]
[Round "4.1"]
[White "Pauly, Carlo"]
[Black "Bender, Andreas"]
[Result "1/2-1/2"]
[WhiteElo "2029"]
[BlackElo "1912"]
[PlyCount "53"]
[EventDate "2010.??.??"]
[WhiteTeam "SF Köln-Mülheim"]
[BlackTeam "SF 1974 Heinsberg"]

1. c4 Nf6 2. g3 g6 3. Bg2 Bg7 4. Nc3 O-O 5. d3 d6 6. Bg5 c6 7. Qd2 e5 8. e4 Be6
9. Nge2 Qd7 10. O-O Ne8 11. Be3 f5 12. exf5 gxf5 13. f4 Nf6 14. Kh1 Qf7 15. b3
Ng4 16. Bg1 Qh5 17. d4 e4 18. Nd1 Nd7 19. Ne3 Ndf6 20. Rae1 Nxe3 21. Bxe3 Ng4
22. Bg1 Rf6 23. h3 Rh6 24. Nc3 Bf7 25. Nd1 a5 26. Ne3 Nxe3 27. Bxe3 1/2-1/2

[Event "SC 1911 Großröhrsdorf-Karlsruher SF"]
[Site "Naumburg"]
[Date "2010.12.28"]
[Round "4.2"]
[White "Gerntke, Oliver"]
[Black "Wiesner, Paula"]
[Result "1-0"]
[WhiteElo "1857"]
[BlackElo "1710"]
[PlyCount "141"]
[EventDate "2010.??.??"]
[WhiteTeam "SC 1911 Großröhrsdorf"]
[BlackTeam "Karlsruher SF"]

1. d4 d5 2. c4 e6 3. Nc3 Nf6 4. cxd5 exd5 5. Bg5 Nbd7 6. e3 c6 7. Bd3 Be7 8.
Qc2 O-O 9. Nf3 Re8 10. O-O Nf8 11. Rab1 a5 12. a3 Ne4 13. Bxe7 Qxe7 14. b4 axb4
15. axb4 Bg4 16. Bxe4 dxe4 17. Ne5 Bf5 18. Ne2 f6 19. Nc4 b5 20. Na5 Rac8 21.
Rfc1 Bd7 22. Nf4 Ng6 23. Nxg6 hxg6 24. Qc5 Qxc5 25. Rxc5 Re6 26. Rbc1 Rd6 27.
Nb7 Rd5 28. R5c3 f5 29. Nc5 Be8 30. Ne6 Kf7 31. Nf4 Rdd8 32. h4 Kf6 33. Rc5 Ra8
34. d5 cxd5 35. Nxd5+ Kf7 36. Nc7 Ra4 37. Nxe8 Rxe8 38. Rxb5 Kf6 39. Rc6+ Re6
40. Rc7 Re7 41. Rb6+ Re6 42. Rxe6+ Kxe6 43. Rxg7 Rxb4 44. Rxg6+ Kf7 45. Ra6 Rb2
46. h5 Kg7 47. h6+ Kh7 48. Rf6 Ra2 49. Rxf5 Kxh6 50. Re5 Ra4 51. Kh2 Kg6 52.
Kg3 Kf6 53. Kf4 Ra2 54. Rxe4 Rxf2+ 55. Kg3 Ra2 56. Rf4+ Kg5 57. Kf3 Ra3 58. g4
Ra5 59. Rf8 Rb5 60. Rg8+ Kf6 61. Kf4 Rb1 62. g5+ Kf7 63. Ra8 Rf1+ 64. Ke4 Kg6
65. Ra5 Rg1 66. Kd4 Rxg5 67. Rxg5+ Kxg5 68. Ke5 Kg6 69. Ke6 Kg7 70. e4 Kf8 71.
Kd7 1-0

[Event "BSG Chemie Leipzig-Heilbronner SV"]
[Site "Naumburg"]
[Date "2010.12.28"]
[Round "4.3"]
[White "Ignatov, Dmitriy"]
[Black "Hellwig, Tina"]
[Result "1/2-1/2"]
[WhiteElo "1074"]
[BlackElo "1321"]
[PlyCount "94"]
[EventDate "2010.??.??"]
[WhiteTeam "Heilbronner SV"]
[BlackTeam "BSG Chemie Leipzig"]

1. e4 c6 2. d4 d5 3. Nc3 dxe4 4. Nxe4 Bf5 5. Ng3 Bg6 6. Nf3 Nf6 7. Bd3 Bxd3 8.
Qxd3 e6 9. Bd2 Nbd7 10. O-O-O Qc7 11. Rhe1 O-O-O 12. Bc3 c5 13. Ne2 Ng4 14. Rd2
Nxf2 15. Qc4 Ne4 16. Rd3 Nd6 17. Qa4 c4 18. Rdd1 Kb8 19. Ne5 f6 20. Nxd7+ Qxd7
21. Qxd7 Rxd7 22. Ng3 Re7 23. Bb4 Kc7 24. Ne4 Rd7 25. Nc5 Rf7 26. Nxe6+ Kd7 27.
Nc5+ Kc8 28. Ne6 Rd7 29. Nc5 Rf7 30. Ne6 Be7 31. Bxd6 Bxd6 32. Nc5 Bxh2 33. d5
Bd6 34. Ne4 Rd8 35. Nxd6+ Rxd6 36. Re6 Rfd7 37. Rxd6 Rxd6 38. Rd4 Kd7 39. Kd2
Rb6 40. b3 cxb3 41. axb3 Kd6 42. Ke3 Rb5 43. Ke4 b6 44. Rd3 Rc5 45. c4 a5 46.
Kd4 b5 47. Rc3 Rc7 1/2-1/2

[Event "FC Ergolding-SK Bebenhausen"]
[Site "Naumburg"]
[Date "2010.12.28"]
[Round "4.1"]
[White "Zimmermann, Ulrich"]
[Black "Schindlbeck, Tobias"]
[Result "1-0"]
[WhiteElo "2030"]
[BlackElo "2052"]
[PlyCount "67"]
[EventDate "2010.??.??"]
[WhiteTeam "SK Bebenhausen"]
[BlackTeam "FC Ergolding"]

1. d4 e6 2. c4 Nf6 3. Nc3 d5 4. cxd5 exd5 5. Bg5 Be7 6. Qc2 O-O 7. e3 Nbd7 8.
Bd3 b6 9. Nf3 Bb7 10. O-O a6 11. Ne5 h6 12. Bxf6 Bxf6 13. f4 Nxe5 14. fxe5 Bg5
15. Rf3 f6 16. e6 Qd6 17. Qf2 h5 18. h4 Bh6 19. Rg3 f5 20. Rg6 Rae8 21. Bxf5
Bxe3 22. Qxe3 Rxf5 23. Ne2 Qe7 24. Qh6 Rf6 25. Nf4 Rxg6 26. Qxg6 Rf8 27. Nxh5
Bc6 28. Re1 Be8 29. Qg5 Bxh5 30. Qxh5 Qf6 31. e7 Qf2+ 32. Kh2 Qxe1 33. Qxd5+
Kh7 34. exf8=Q 1-0

[Event "FC Ergolding-SK Bebenhausen"]
[Site "Naumburg"]
[Date "2010.12.28"]
[Round "4.3"]
[White "Gibicar, Danijel"]
[Black "Schnurr, Christian"]
[Result "1/2-1/2"]
[WhiteElo "2047"]
[BlackElo "1830"]
[PlyCount "89"]
[EventDate "2010.??.??"]
[WhiteTeam "SK Bebenhausen"]
[BlackTeam "FC Ergolding"]

1. d4 d5 2. c4 e5 3. dxe5 d4 4. Nf3 Nc6 5. a3 Bg4 6. Nbd2 Qd7 7. Nb3 O-O-O 8.
Bf4 Qf5 9. Qd2 d3 10. e3 Bxf3 11. gxf3 g5 12. h4 Nxe5 13. Bxe5 Qxe5 14. hxg5
Bg7 15. O-O-O Qxg5 16. Bh3+ Kb8 17. Rdg1 Qf6 18. Nc5 Qxf3 19. Bg2 Qf6 20. Bxb7
Bf8 21. Ne4 Qe5 22. Rg5 f5 23. f4 Qe6 24. Bd5 Rxd5 25. cxd5 Qxe4 26. Rhg1 Nf6
27. Qc3 Be7 28. Qd4 Qxd4 29. exd4 Nxd5 30. Rxf5 c6 31. Kd2 Bd6 32. Kxd3 Nxf4+
33. Kc4 Nd5 34. Rf7 Nb6+ 35. Kd3 h5 36. Rgg7 Nc8 37. Rh7 Rxh7 38. Rxh7 h4 39.
Rxh4 Kb7 40. Rh7+ Kb6 41. Kc4 Ne7 42. Rh6 Kc7 43. Rh7 Kb6 44. Rh6 Kc7 45. Rh7
1/2-1/2

[Event "FC Ergolding-SK Bebenhausen"]
[Site "Naumburg"]
[Date "2010.12.28"]
[Round "4.4"]
[White "Schoepe, Tobias"]
[Black "Xu, Xianliang"]
[Result "0-1"]
[WhiteElo "1739"]
[BlackElo "1963"]
[PlyCount "120"]
[EventDate "2010.??.??"]
[WhiteTeam "FC Ergolding"]
[BlackTeam "SK Bebenhausen"]

1. e4 c5 2. Nc3 Nc6 3. f4 g6 4. Nf3 Bg7 5. Bb5 Nd4 6. Bc4 d6 7. O-O Nf6 8. d3
Bg4 9. Be3 Nxf3+ 10. gxf3 Bh3 11. Re1 O-O 12. Kh1 e6 13. Bb3 Nh5 14. Rg1 Bh6
15. Qc1 Bxf4 16. Bxf4 Qf6 17. Ne2 e5 18. Bd5 Nxf4 19. Nxf4 Qxf4 20. Qxf4 exf4
21. b3 Rab8 22. a4 Be6 23. Bxe6 fxe6 24. h4 Kg7 25. Kh2 Rbd8 26. Rae1 Kf6 27.
Rg5 e5 28. c4 h6 29. Rg2 g5 30. h5 Ke6 31. Kh3 Rc8 32. Kg4 Rc6 33. Rb1 Rb6 34.
Ra2 Rb4 35. a5 Rb8 36. Ra4 Rc8 37. Rxb4 cxb4 38. Ra1 Rc6 39. Ra4 Ra6 40. Rxb4
b6 41. axb6 Ra2 42. Kh3 axb6 43. Rxb6 Rf2 44. b4 Rxf3+ 45. Kg2 Rxd3 46. c5 g4
47. c6 Rd2+ 48. Kf1 Rc2 49. Rb7 Rxc6 50. Rg7 g3 51. Rg6+ Kf7 52. b5 Rb6 53.
Rxh6 Rxb5 54. Rg6 Rb1+ 55. Kg2 Rb2+ 56. Kg1 Rb8 57. Rxd6 f3 58. Rd1 Rb2 59. Kf1
Rh2 60. Kg1 f2+ 0-1

[Event "SSC Rostock-Sabt Frankfurter TV 1860"]
[Site "Naumburg"]
[Date "2010.12.28"]
[Round "4.1"]
[White "Medvedovski, Michael"]
[Black "Weber, Max"]
[Result "1-0"]
[WhiteElo "1916"]
[BlackElo "1970"]
[PlyCount "53"]
[EventDate "2010.??.??"]
[WhiteTeam "Sabt Frankfurter TV 1860"]
[BlackTeam "SSC Rostock"]

1. e4 e6 2. Nf3 d5 3. Nc3 Nf6 4. e5 Nfd7 5. d4 c5 6. dxc5 Nc6 7. Bf4 Bxc5 8.
Bd3 f6 9. exf6 Nxf6 10. O-O O-O 11. Ne5 Bd7 12. Qe2 Nd4 13. Qd2 Be8 14. Rae1
Qb6 15. Nd1 Rc8 16. c3 Nc6 17. Kh1 Nh5 18. Bg5 Nxe5 19. Rxe5 Bg6 20. Bxg6 hxg6
21. b4 Qb5 22. Qe2 Qxe2 23. Rxe2 Rf5 24. Bd2 Bb6 25. g4 Nf4 26. gxf5 Nxe2 27.
Re1 1-0

[Event "SSC Rostock-Sabt Frankfurter TV 1860"]
[Site "Naumburg"]
[Date "2010.12.28"]
[Round "4.4"]
[White "Bardosch, Karl"]
[Black "Abrahamyan, Arsen"]
[Result "1/2-1/2"]
[WhiteElo "1476"]
[BlackElo "1685"]
[PlyCount "67"]
[EventDate "2010.??.??"]
[WhiteTeam "SSC Rostock"]
[BlackTeam "Sabt Frankfurter TV 1860"]

1. e4 c5 2. Nf3 Nc6 3. d4 cxd4 4. Nxd4 e5 5. Nb5 d6 6. N1c3 a6 7. Na3 b5 8. Nd5
Nf6 9. Bg5 Be7 10. Bxf6 Bxf6 11. c3 O-O 12. Nc2 Bg5 13. Be2 Bb7 14. Nce3 Bxe3
15. Nxe3 Ne7 16. Bf3 Rc8 17. O-O Qc7 18. a4 bxa4 19. Rxa4 Rfd8 20. Qc2 Bc6 21.
Ra3 Qb7 22. Be2 Bxe4 23. Bxa6 Qxa6 24. Rxa6 Bxc2 25. Nxc2 d5 26. f4 d4 27. fxe5
dxc3 28. bxc3 Rxc3 29. Ne1 Re3 30. Nf3 Ng6 31. Kf2 Re4 32. Re1 Rxe1 33. Kxe1
Re8 34. Kf2 1/2-1/2

[Event "SF 1974 Heinsberg-SF Köln-Mülheim"]
[Site "Naumburg"]
[Date "2010.12.28"]
[Round "4.2"]
[White "Salzmann, Thomas"]
[Black "Eigemann, Frederik"]
[Result "1/2-1/2"]
[WhiteElo "1708"]
[BlackElo "1998"]
[PlyCount "83"]
[EventDate "2010.??.??"]
[WhiteTeam "SF 1974 Heinsberg"]
[BlackTeam "SF Köln-Mülheim"]

1. e4 e6 2. b3 d5 3. Bb2 dxe4 4. Nc3 Nf6 5. Qe2 Be7 6. Nxe4 Nxe4 7. Qxe4 Bf6 8.
d4 Qd5 9. Qxd5 exd5 10. Nf3 O-O 11. O-O-O Nc6 12. Ne5 Bf5 13. Nxc6 bxc6 14. Ba6
Bc8 15. Bxc8 Rfxc8 16. Rd3 Re8 17. Kd1 Re6 18. Bc1 Rae8 19. Be3 Kf8 20. Kd2 Ke7
21. b4 Kd7 22. Rb1 Rb8 23. Rdb3 a6 24. Kd3 Be7 25. c4 dxc4+ 26. Kxc4 Rg6 27. g3
Rd6 28. Ra3 Ra8 29. Ra5 Kc8 30. Rb3 Kb7 31. g4 h6 32. Bf4 Rd7 33. a4 Bh4 34.
Be3 Bf6 35. Rd3 Re7 36. Rf5 Rd8 37. f4 Red7 38. d5 Kc8 39. b5 axb5+ 40. axb5
cxb5+ 41. Kxb5 Bb2 42. d6 1/2-1/2

[Event "SF 1974 Heinsberg-SF Köln-Mülheim"]
[Site "Naumburg"]
[Date "2010.12.28"]
[Round "4.3"]
[White "Eigemann, Julian"]
[Black "Meyers, Mark"]
[Result "1/2-1/2"]
[WhiteElo "1908"]
[BlackElo "1676"]
[PlyCount "51"]
[EventDate "2010.??.??"]
[WhiteTeam "SF Köln-Mülheim"]
[BlackTeam "SF 1974 Heinsberg"]

1. e4 c5 2. Nf3 Nc6 3. g3 g6 4. Bg2 Bg7 5. d3 d6 6. O-O e5 7. Nbd2 Nge7 8. c3
Be6 9. Ng5 Bd7 10. Nc4 Qc7 11. Ne3 O-O 12. f4 Qc8 13. Nc4 Qc7 14. Bh3 d5 15.
Ne3 d4 16. Nd5 Nxd5 17. exd5 Bxh3 18. Nxh3 Ne7 19. c4 Nf5 20. g4 Nd6 21. f5 f6
22. Qf3 g5 23. Nf2 Rfe8 24. Ne4 h6 25. Rf2 b5 26. b3 1/2-1/2

[Event "SC 1911 Großröhrsdorf-Karlsruher SF"]
[Site "Naumburg"]
[Date "2010.12.28"]
[Round "4.3"]
[White "Bykov, Ilya"]
[Black "Plaettner, Stefan"]
[Result "0-1"]
[WhiteElo "1478"]
[BlackElo "1743"]
[PlyCount "52"]
[EventDate "2010.??.??"]
[WhiteTeam "Karlsruher SF"]
[BlackTeam "SC 1911 Großröhrsdorf"]

1. e4 d6 2. d4 Nf6 3. Nc3 c6 4. Nf3 Bg4 5. Be2 e6 6. O-O Bxf3 7. Bxf3 d5 8.
exd5 cxd5 9. Re1 Be7 10. Bf4 a6 11. Bg4 O-O 12. Re3 Kh8 13. Qf3 Nc6 14. Be5
Nxe5 15. Rxe5 Bd6 16. Re3 Qb6 17. Rd3 Qxb2 18. Rad1 Rac8 19. Bh3 Qb6 20. g4 Qc7
21. Qg2 Qb8 22. f3 Rc4 23. R1d2 Bb4 24. Ne2 Bxd2 25. Rxd2 Rfc8 26. Ng3 Qc7 0-1

[Event "SC 1911 Großröhrsdorf-Karlsruher SF"]
[Site "Naumburg"]
[Date "2010.12.28"]
[Round "4.4"]
[White "Schneider, Carsten"]
[Black "Baum, Felix"]
[Result "1/2-1/2"]
[WhiteElo "1512"]
[BlackElo "1414"]
[PlyCount "56"]
[EventDate "2010.??.??"]
[WhiteTeam "SC 1911 Großröhrsdorf"]
[BlackTeam "Karlsruher SF"]

1. d4 e6 2. c4 f5 3. Nf3 Nf6 4. Bg5 c6 5. a3 d5 6. c5 Be7 7. Nbd2 h6 8. Bxf6
Bxf6 9. e3 Nd7 10. Be2 Qc7 11. O-O g5 12. Ne1 g4 13. g3 h5 14. Nd3 Nf8 15. Nf4
h4 16. Kg2 Qh7 17. Rh1 h3+ 18. Kg1 e5 19. dxe5 Bxe5 20. Rb1 Qg7 21. b4 Bd7 22.
a4 Ne6 23. Nxe6 Bxe6 24. Nb3 Rd8 25. Nd4 Bxd4 26. Qxd4 Qxd4 27. exd4 Rh7 28. f4
Re7 1/2-1/2

[Event "TSV Kareth-Lappersdorf-Empor Berlin"]
[Site "Naumburg"]
[Date "2010.12.28"]
[Round "4.2"]
[White "Kaiser, Dominik"]
[Black "Kazman, Caner"]
[Result "0-1"]
[WhiteElo "1732"]
[BlackElo "1781"]
[PlyCount "57"]
[EventDate "2010.??.??"]
[WhiteTeam "TSV Kareth-Lappersdorf"]
[BlackTeam "Empor Berlin"]

1. e4 e6 2. d4 d5 3. exd5 exd5 4. Bd3 Bd6 5. Nf3 Nf6 6. O-O O-O 7. Re1 Bg4 8.
Bg5 Nbd7 9. Nbd2 c6 10. c3 Qc7 11. Qc2 Rfe8 12. h3 Bh5 13. Bf5 Bf4 14. Bxf4
Qxf4 15. g3 Qc7 16. Kg2 Rxe1 17. Rxe1 Re8 18. Rxe8+ Nxe8 19. Bxh7+ Kh8 20. g4
Ndf6 21. Bf5 Qf4 22. gxh5 Nxh5 23. Bg4 Qh6 24. Qf5 Nf4+ 25. Kg3 Ne2+ 26. Kh2
Nd6 27. Qe5 Nc1 28. Ng5 f5 29. Qxd6 0-1

[Event "Erfurter Schachklub-SK Gernsheim"]
[Site "Naumburg"]
[Date "2010.12.28"]
[Round "4.1"]
[White "Di Capua, Francesco Stefano"]
[Black "Friedt, Marius"]
[Result "1-0"]
[WhiteElo "1743"]
[BlackElo "1775"]
[PlyCount "62"]
[EventDate "2010.??.??"]
[WhiteTeam "SK Gernsheim"]
[BlackTeam "Erfurter Schachklub"]

1. e4 c5 2. Nf3 Nc6 3. d4 cxd4 4. Nxd4 g6 5. Nc3 Bg7 6. Be3 Nf6 7. Bc4 Qa5 8.
O-O O-O 9. Bb3 d6 10. h3 Bd7 11. f4 Rac8 12. Rf2 Nxd4 13. Bxd4 Bc6 14. e5 dxe5
15. fxe5 Nd5 16. e6 f6 17. Bxd5 Bxd5 18. b4 Qd8 19. Nxd5 Qxd5 20. Bxa7 Qxe6 21.
Re2 Qa6 22. Bc5 Rfd8 23. Rd2 Rxd2 24. Qxd2 Qc6 25. Bxe7 Qxc2 26. Qd5+ Kh8 27.
Qxb7 f5 28. Rf1 Qc4 29. Rd1 Bd4+ 30. Kh1 Re8 31. Qd7 Qf7 1-0

[Event "SK Ettlingen-LSV Turm Lippstadt"]
[Site "Naumburg"]
[Date "2010.12.28"]
[Round "4.2"]
[White "Schwingen, Dominik"]
[Black "Scheer, Maximilian"]
[Result "0-1"]
[WhiteElo "1703"]
[BlackElo "1569"]
[PlyCount "56"]
[EventDate "2010.??.??"]
[WhiteTeam "SK Ettlingen"]
[BlackTeam "LSV Turm Lippstadt"]

1. e4 c5 2. Nc3 d6 3. g3 Nc6 4. Bg2 e6 5. d3 g6 6. f4 Bg7 7. Nf3 Nge7 8. O-O f5
9. Rb1 Nd4 10. Be3 O-O 11. Ne2 Nxf3+ 12. Bxf3 Qc7 13. c3 e5 14. Qd2 Rb8 15.
fxe5 dxe5 16. Rbc1 b6 17. Bg5 Be6 18. b3 Rbd8 19. Qc2 h6 20. Bxe7 Qxe7 21. exf5
Bxf5 22. Be4 Bxe4 23. Rxf8+ Qxf8 24. dxe4 Qf3 25. Re1 Qe3+ 26. Kh1 Rd2 27. Qc1
Qxe4+ 28. Kg1 Rxe2 0-1

[Event "SK Ettlingen-LSV Turm Lippstadt"]
[Site "Naumburg"]
[Date "2010.12.28"]
[Round "4.4"]
[White "Kupferschmid, Gernot"]
[Black "Barkey, Thies"]
[Result "0-1"]
[WhiteElo "1443"]
[BlackElo "1447"]
[PlyCount "50"]
[EventDate "2010.??.??"]
[WhiteTeam "SK Ettlingen"]
[BlackTeam "LSV Turm Lippstadt"]

1. e4 e5 2. Nf3 Nc6 3. Bc4 Bc5 4. c3 d6 5. d3 h6 6. h3 Nge7 7. Bb3 Na5 8. Ba4+
Bd7 9. Bxd7+ Qxd7 10. b4 Bxf2+ 11. Kxf2 Nac6 12. Rf1 O-O-O 13. Kg1 f5 14. Nbd2
f4 15. Bb2 g5 16. Nh2 h5 17. a4 Rdg8 18. a5 g4 19. hxg4 hxg4 20. b5 g3 21. Nhf3
Nd8 22. b6 a6 23. bxc7 Kxc7 24. d4 Nec6 25. c4 Qh7 0-1

[Event "BSG Chemie Leipzig-Heilbronner SV"]
[Site "Naumburg"]
[Date "2010.12.28"]
[Round "4.1"]
[White "Wenninger, Philipp"]
[Black "Müller, Marius"]
[Result "1-0"]
[WhiteElo "2133"]
[BlackElo "1950"]
[PlyCount "103"]
[EventDate "2010.??.??"]
[WhiteTeam "Heilbronner SV"]
[BlackTeam "BSG Chemie Leipzig"]

1. d4 d5 2. c4 e6 3. cxd5 exd5 4. Nc3 f5 5. Nf3 Nf6 6. Qc2 c6 7. Bg5 Be7 8. e3
O-O 9. Bd3 Ne4 10. Bxe7 Qxe7 11. O-O Be6 12. Ne5 Nd7 13. Nxd7 Bxd7 14. Rae1 Qf6
15. Bxe4 fxe4 16. f3 exf3 17. Rxf3 Qd6 18. Ref1 g6 19. Qb3 Qe6 20. Qxb7 Rfb8
21. Qc7 Rc8 22. Qg3 Re8 23. Na4 Qg4 24. Qf2 Qg5 25. Nc5 Bg4 26. Rf4 Bf5 27. h4
Qe7 28. g4 Be4 29. Rf7 Qd6 30. Rf6 Qc7 31. Ne6 Qe7 32. Ng5 Bd3 33. Rd1 Rf8 34.
Rf4 Ba6 35. Rc1 Bb7 36. Rf1 Rxf4 37. Qxf4 Re8 38. Rf3 Bc8 39. Kg2 Rf8 40. Qxf8+
Qxf8 41. Rxf8+ Kxf8 42. Kg3 Kg7 43. Kf4 h6 44. Nf3 Kf6 45. g5+ hxg5+ 46. hxg5+
Ke6 47. Ne5 Kd6 48. Nxg6 Be6 49. Nh4 c5 50. Nf5+ Kc6 51. Ke5 Bf7 52. g6 1-0

[Event "SSC Rostock-Sabt Frankfurter TV 1860"]
[Site "Naumburg"]
[Date "2010.12.28"]
[Round "4.3"]
[White "Keller, Peter"]
[Black "Pererva, Viktor"]
[Result "1/2-1/2"]
[WhiteElo "1749"]
[BlackElo "1808"]
[PlyCount "89"]
[EventDate "2010.??.??"]
[WhiteTeam "Sabt Frankfurter TV 1860"]
[BlackTeam "SSC Rostock"]

1. e4 e5 2. Nf3 Nc6 3. Bb5 a6 4. Ba4 Nf6 5. O-O b5 6. Bb3 Be7 7. Re1 O-O 8. a4
Bb7 9. c3 d6 10. Bc2 Re8 11. axb5 axb5 12. Rxa8 Qxa8 13. Na3 b4 14. Nc4 Na5 15.
Nxa5 Qxa5 16. c4 c5 17. d3 Bf8 18. Ba4 Ra8 19. b3 h6 20. Nh4 Qd8 21. Nf5 Kh7
22. f4 g6 23. Ng3 Bc8 24. f5 Bg7 25. Rf1 Ra7 26. h4 Ng8 27. fxg6+ fxg6 28. h5
Qh4 29. hxg6+ Kxg6 30. Nf5 Bxf5 31. Rxf5 Nf6 32. Qf3 Qe1+ 33. Qf1 Qxf1+ 34.
Kxf1 Ra8 35. Kf2 Rf8 36. Kf3 h5 37. Bg5 Nxe4 38. dxe4 Rxf5+ 39. exf5+ Kxg5 40.
Bd7 Bf6 41. Be6 h4 42. Bd7 Be7 43. Be6 d5 44. Bxd5 Kxf5 45. Be4+ 1/2-1/2

[Event "Stader SV-Hamburger SK"]
[Site "Naumburg"]
[Date "2010.12.28"]
[Round "4.2"]
[White "Konow, Philipp"]
[Black "Hinrichs, Lars"]
[Result "1-0"]
[WhiteElo "1946"]
[BlackElo "1805"]
[PlyCount "93"]
[EventDate "2010.??.??"]
[WhiteTeam "Stader SV"]
[BlackTeam "Hamburger SK"]

1. d4 Nf6 2. c4 g6 3. Nc3 Bg7 4. e4 d6 5. Nf3 O-O 6. Be2 Nbd7 7. O-O e5 8. Be3
c6 9. Rc1 a6 10. Nd2 b5 11. b4 Re8 12. a4 bxa4 13. c5 exd4 14. Bxd4 dxc5 15.
bxc5 Bf8 16. Nxa4 Qc7 17. f3 Bb7 18. Nc4 Rad8 19. Qc2 Nh5 20. Be3 Nf4 21. Rfd1
Nf6 22. g3 Ne6 23. Qb2 Nh5 24. e5 Nhg7 25. Nd6 Rb8 26. Rb1 Bxd6 27. exd6 Qd8
28. Bd3 Nf8 29. Bf2 Nd7 30. Qa2 Ne6 31. Bc4 Qg5 32. Re1 Ne5 33. Kg2 Qf6 34. Be2
Ba8 35. Nb6 Bb7 36. f4 Nxf4+ 37. gxf4 Qxf4 38. Rb3 Ng4 39. Bxg4 Qxg4+ 40. Rg3
Qf5 41. Qc4 Rbd8 42. Rxe8+ Rxe8 43. d7 Rd8 44. Rf3 Qg5+ 45. Bg3 Qe7 46. Bh4 g5
47. Bxg5 1-0

[Event "Stader SV-Hamburger SK"]
[Site "Naumburg"]
[Date "2010.12.28"]
[Round "4.3"]
[White "Gröning, Finn Jonathan"]
[Black "Carmesin, Matthias"]
[Result "0-1"]
[WhiteElo "1687"]
[BlackElo "1927"]
[PlyCount "112"]
[EventDate "2010.??.??"]
[WhiteTeam "Hamburger SK"]
[BlackTeam "Stader SV"]

1. e4 c5 2. Nf3 Nc6 3. d4 cxd4 4. Nxd4 e5 5. Nb5 d6 6. N1c3 a6 7. Na3 b5 8. Nd5
Nf6 9. Bg5 Be7 10. Bxf6 Bxf6 11. c3 Ne7 12. Nc2 Nxd5 13. Qxd5 Rb8 14. O-O-O Bb7
15. Qxd6 Bg5+ 16. Ne3 Qxd6 17. Rxd6 Ke7 18. Rd2 Bxe4 19. Bd3 Bc6 20. h4 Bxe3
21. fxe3 Rhd8 22. Rhd1 h6 23. g3 Rb7 24. Bf5 Rxd2 25. Rxd2 g6 26. Bc8 Rb8 27.
Bg4 f5 28. Bd1 Be4 29. Bc2 Bxc2 30. Kxc2 Ke6 31. Kb3 Rc8 32. a4 Rc4 33. axb5
axb5 34. Kc2 Rg4 35. Rg2 Kd5 36. Kd3 f4 37. e4+ Kc6 38. Ke2 fxg3 39. Kf3 Rxh4
40. Rxg3 g5 41. Rg2 Rf4+ 42. Ke3 Rf6 43. Rh2 Kd7 44. Rh1 Ke7 45. Ra1 Rb6 46.
Ra7+ Kf6 47. Rh7 Kg6 48. Re7 h5 49. Rxe5 h4 50. Rf5 Rf6 51. Rxf6+ Kxf6 52. b3
h3 53. Kf3 g4+ 54. Kg3 Ke5 55. c4 bxc4 56. bxc4 Kxe4 0-1

[Event "SF 1974 Heinsberg-SF Köln-Mülheim"]
[Site "Naumburg"]
[Date "2010.12.28"]
[Round "4.4"]
[White "Bodden, Daniel"]
[Black "Rahmen, Christian"]
[Result "1/2-1/2"]
[WhiteElo "1393"]
[BlackElo "1507"]
[PlyCount "79"]
[EventDate "2010.??.??"]
[WhiteTeam "SF 1974 Heinsberg"]
[BlackTeam "SF Köln-Mülheim"]

1. e4 Nf6 2. Nc3 d5 3. exd5 Nxd5 4. Qf3 Nb6 5. Bb5+ c6 6. Be2 g6 7. d3 Bg7 8.
Bd2 O-O 9. h4 Nd5 10. h5 e5 11. Nh3 Qd6 12. Ne4 Qc7 13. h6 Bh8 14. c4 Ne7 15.
Nf6+ Bxf6 16. Qxf6 Nf5 17. g4 Nd7 18. Qg5 f6 19. gxf5 fxg5 20. fxg6 hxg6 21.
Nxg5 Nf6 22. Bb4 c5 23. Bc3 Bf5 24. O-O-O e4 25. dxe4 Bxe4 26. Ne6 Qb6 27. Nxf8
Bxh1 28. Nxg6 Re8 29. Rg1 Kh7 30. Bd3 Ne4 31. Rxh1 Qxg6 32. f3 Qg2 33. Rf1 Kxh6
34. fxe4 Rd8 35. Bd2+ Kg6 36. Be3 Rh8 37. e5+ Kg7 38. Bxc5 Rh1 39. Rxh1 Qxh1+
40. Kc2 1/2-1/2

[Event "SC 1911 Großröhrsdorf-Karlsruher SF"]
[Site "Naumburg"]
[Date "2010.12.28"]
[Round "4.1"]
[White "Cofman, Veaceslav"]
[Black "Möhn, Hans"]
[Result "1/2-1/2"]
[WhiteElo "2026"]
[BlackElo "1994"]
[PlyCount "71"]
[EventDate "2010.??.??"]
[WhiteTeam "Karlsruher SF"]
[BlackTeam "SC 1911 Großröhrsdorf"]

1. e4 c5 2. c3 Nf6 3. e5 Nd5 4. Nf3 Nc6 5. d4 cxd4 6. Bc4 Nb6 7. Bb3 d5 8. exd6
Qxd6 9. Nxd4 Nxd4 10. Qxd4 Qxd4 11. cxd4 e6 12. O-O Bd7 13. Bf4 Be7 14. Nc3 Bc6
15. Bc7 Nd5 16. Nxd5 Bxd5 17. Bxd5 exd5 18. Rac1 O-O 19. Rfe1 Bf6 20. Be5 Rac8
21. Bxf6 gxf6 22. g3 b6 23. b3 a5 24. a4 Rfd8 25. Kf1 Kf8 26. Ke2 Ke7 27. Kd2+
Kd7 28. Rxc8 Rxc8 29. Re3 Rb8 30. Kc2 Rc8+ 31. Kd2 Rb8 32. Rf3 Ke6 33. Kc2 Rc8+
34. Kd2 Rb8 35. Re3+ Kd7 36. Kc2 1/2-1/2